[Event "American Continental 13th"]
[Site "Medellin"]
[Date "2017.06.11"]
[Round "3"]
[White "Vazquez, Guillermo"]
[Black "Cori, Jorge Moise"]
[Result "1/2-1/2"]
[WhiteElo "2443"]
[BlackElo "2618"]
[Annotator "Vazquez,G"]
[PlyCount "107"]
[EventDate "2017.06.10"]
[EventType "swiss"]
[EventRounds "11"]
[EventCountry "COL"]
[SourceTitle "CBM 180"]
[Source "ChessBase"]
[SourceDate "2017.09.13"]
[SourceVersion "1"]
[SourceVersionDate "2017.09.13"]
[SourceQuality "1"]

1. d4 Nf6 2. c4 g6 3. g3 Bg7 4. Bg2 d5 5. cxd5 Nxd5 6. Nf3 Nb6 7. O-O O-O 8.
Nc3 Nc6 9. e3 Re8 10. Nh4 {Not the main move, but it more or less forces Black
to play e7-e5 because otherwise White plays f2-f4 and Black does not get easy
counterplay. The problem for White is that the knight might get misplaced.} e5
(10... a5 11. f4 $14) 11. d5 Nb4 {Already a surprise for me.} (11... Na5 {
was the only move I knew.}) 12. a3 (12. Qb3 {is another move I considered to
develop quickly, but Black has many options to get a good position, for
instance} Nd3 13. Rd1 Nxc1 14. Raxc1 Bg4) 12... Na6 {Now Black wants to play
e5-e4.} 13. Qc2 {Covering e4.} (13. e4 {allows} c6 {and I think Black is fine
due to the misplaced knight on h4} 14. dxc6 bxc6 {with the clear idea to play
Na6-c5-e6-d4.} 15. Nf3 Qxd1 16. Rxd1 Nc5 $36) (13. Z0 e4 14. Z0 g5 {was the
threat, forcing White to give up the knight.}) 13... Qe7 14. Rb1 {I thought I
could let Black play e5-e4 and for that it would be useful to get the rook out
of the diagonal of the bishop on g7.} (14. e4 c6 {is similar to 13.e4; the
inclusion of Qc2 and ...Qe7 favours White since the queen can still cover b3,
but anyway I considered that Black's position is alright.} 15. dxc6 bxc6 16.
Nf3 Nc5 17. Bg5 Qb7) 14... e4 15. Qxe4 ({I rejected} 15. Nxe4 {because I found
no advantage after the solid} Nxd5 ({the more forcing} 15... g5 16. Nxg5 Qxg5
17. b4 $36 {gives White compensation with a strong centre and Black has
problems getting the knights into the game. I expected White to be better here,
but after} Qe7 18. e4 c6 19. dxc6 bxc6 {the position remains complicated, but
I thought I could play for a win here.}) 16. b4 c6 {and Black can continue
with Na6-c7-b5.}) 15... Qxe4 16. Nxe4 h6 $5 {I underestimated this pawn
sacrifice. Now White has to find a way to deal with g6-g5.} (16... Nxd5 17. Bd2
{with the queens exchanged, I expected Black to have some difficulties playing
c7-c6 because that would allow some ideas with Ne4-d6 winning the bishop pair,
but Black can get enough activity to compensate for it.} c6 (17... Rd8 $5) 18.
Nd6 (18. b4 Rd8 $11) 18... Rd8 19. Nxc8 Raxc8 20. Nf3 Nc5 $11) 17. Nc3 {
I did not really expect to be able to keep the extra pawn, I was just trying
to find a way to return it to activate my pieces.} (17. f4 Bd7 {and I did not
see how to improve my pieces.}) 17... g5 18. Nf3 Bf5 (18... Bxc3 19. bxc3 Nxd5
{is a way to regain the pawn, but now White's rook on b1 is given some activity
} 20. Nd4 $36) 19. e4 Bg6 20. Nd2 {Intending to advance the f-pawn. I still
did not know exactly how to untangle the queenside, but for now Black also has
a problem with the knight on a6, because Na6-c5 allows b2-b4.} Nc5 {I thought
that was a mistake, but Black had a resource I missed.} (20... Rad8 21. f4 Nc5
22. b4 Nd3 $36 {might be an alternative for Black.}) 21. b4 Nca4 $6 (21... Nd3
{is not as effective with the pawn still on f2} 22. Nb5 {and White is ready to
kick the knight away with Rb3 so I thought White was better, but Black had}
Red8 $1 23. Rb3 Nxc1 24. Rxc1 c6 $44) 22. Nxa4 Nxa4 23. Rb3 $14 {White
exchanged a pair of knights and is ready to push the f-pawn.} Rad8 $6 (23... g4
{was necessary}) 24. f4 Bc3 {this does not seem right, but I do not know how
Black can get some compensation.} 25. f5 ({I considered} 25. Rxc3 $5 Nxc3 26.
f5 Bh5 27. Bb2 {to get my bishop active and eliminate Black's most active
piece, but I decided to play f5 first, which was not the same.}) 25... Bd4+ {
And the bishop escapes.} 26. Kh1 Bh5 27. Bf3 $2 {Exchanging the bishops leaves
the e-pawn weak.} (27. Nf3 Bf6 (27... Rxe4 28. Nxg5) 28. Re3 $16) 27... Bxf3+
28. Rfxf3 (28. Rbxf3 Nc3 $36) 28... g4 $6 {This was not necessary.} (28... c5
$5 {is another way to play, which I only noticed after the game when my engine
pointed it out.} 29. dxc6 bxc6 30. Kg2 c5 $13) (28... Bf6 {and White still has
to find a plan.}) 29. Rf4 h5 30. h3 {Now White gets something to play for.} Be5
(30... gxh3 31. Nf3 $14 {and the rook remains on f4 defending e4.}) 31. Rf1
gxh3 32. Nf3 (32. Kh2 $6 h4 $13) 32... Bc3 {Not allowing Re3.} (32... Bg7 33.
Re3 $14) 33. Bd2 $6 (33. Ng5 Bf6 34. Kh2 $14 {and Black still has to find
compensation.}) 33... Bxd2 34. Nxd2 c6 $11 {Now White has to be careful
because Black's pieces get active.} 35. Rd3 cxd5 36. exd5 Nb6 37. d6 Re2 38. g4
{I considered I had to do something active otherwise he can just prepare to
attack my weak pawn on d6.} hxg4 39. Rg1 Kg7 $1 {The king has to get active,
against any other move White even gets a better position.} 40. Rxg4+ Kf6 41.
Re4 {Just going for the draw because I saw no winning attempts for me.} Rxe4 ({
I thought it might be dangerous for Black to try to keep the rooks} 41... Rg2
42. Re1 Kxf5 43. Ne4 {and White gets some ideas with Nc5 attacking b7, but} Nd7
{holds everything and the position remains equal.}) 42. Nxe4+ Ke5 43. Nc5 Rxd6
44. Rxd6 (44. Rxh3 {should also end in a draw, but keeping more pieces on the
board just gives Black some chances to play on with the more active king.})
44... Kxd6 45. Nxb7+ Kc7 46. Na5 Nd5 47. Kh2 Ne3 48. Kxh3 Nxf5 49. Kg4 Nd4 50.
Kg5 Nc2 51. b5 Nxa3 52. Nc6 Nxb5 53. Nxa7 Nxa7 54. Kf6 1/2-1/2

[Event "Lasker Memorial op"]
[Site "Barlinek"]
[Date "2001.07.26"]
[Round "10"]
[White "Bator, Robert"]
[Black "Schmidt, Wlodzimierz"]
[Result "0-1"]
[WhiteElo "2403"]
[BlackElo "2438"]
[Annotator "Wells,P"]
[PlyCount "109"]
[EventDate "2001.07.19"]
[EventType "swiss"]
[EventRounds "10"]
[EventCountry "POL"]
[SourceTitle "CBM 085"]
[Source "ChessBase"]
[SourceDate "2001.11.13"]
[SourceVersion "1"]
[SourceVersionDate "2001.11.13"]
[SourceQuality "1"]

1. d4 Nf6 2. Nf3 g6 3. g3 Bg7 4. c4 d5 5. cxd5 Nxd5 6. Bg2 Nb6 7. O-O Nc6 8. e3
O-O 9. Nc3 e5 10. d5 Na5 11. e4 c6 12. Nd2 cxd5 13. exd5 Nac4 14. Nxc4 Nxc4 15.
Ne4 Bf5 $1 {[%csl Rd5][%cal Gf5e4,Gc4d6] Of course! Black wishes to exchange
his light-squared bishop for white's knight which is contesting the d6 square.
This square is the key, and the battle for it worth much more than the bishop
pair. I would argue that in such a position it is to black's advantage that
his opponent's isolani is passed. For example, with a pawn on e7 white can
exert a little pressure of his own, while here, the king-side is likely to be
black's domain.} 16. Qb3 Rc8 17. Re1 Bxe4 18. Bxe4 Qd7 19. h4 Kh8 20. Bg2 f5
21. h5 e4 22. hxg6 hxg6 23. Rd1 Be5 24. Bf1 Nd6 $17 {[%csl Rd5,Gd6,Ge5] Pretty
much the ideal position for this line!} 25. Bh3 Kg7 26. Be3 Rh8 27. Bg2 a6 28.
a4 Qe7 29. a5 g5 30. Bd4 f4 31. Bxe4 Nxe4 32. d6 Nxd6 33. Re1 Nf7 34. Qd5 Rhe8
35. Rxe5 Nxe5 36. Re1 Qf7 37. Bxe5+ Kg8 38. Qf3 Rc5 39. Bc3 Rxe1+ 40. Bxe1 Qd5
41. Qh5 Rc1 42. Qe8+ Kg7 43. gxf4 gxf4 44. Kh2 Rc6 45. Bc3+ Kh6 46. Qf8+ Kg5
47. Qg7+ Rg6 48. Qe7+ Kf5 49. f3 Rh6+ 50. Kg2 Qg8+ 51. Bg7 Rg6+ 52. Kf2 Qxg7
53. Qe4+ Kg5 54. Kf1 Qf6 55. Qxb7 0-1

[Event "Pardubice Czech op-A 23rd"]
[Site "Pardubice"]
[Date "2012.07.25"]
[Round "6"]
[White "Zorko, Jure"]
[Black "Zakhartsov, Viacheslav V"]
[Result "0-1"]
[WhiteElo "2476"]
[BlackElo "2547"]
[Annotator "Zakhartsov,Vi"]
[PlyCount "96"]
[EventDate "2012.07.12"]
[EventType "swiss"]
[EventRounds "9"]
[EventCountry "CZE"]
[SourceTitle "CBM 149 Extra"]
[Source "ChessBase"]
[SourceDate "2012.08.24"]
[SourceVersion "1"]
[SourceVersionDate "2012.08.24"]
[SourceQuality "1"]

1. d4 Nf6 2. c4 g6 3. g3 Bg7 4. Bg2 d5 5. cxd5 Nxd5 6. Nf3 Nb6 7. Nc3 Nc6 8. e3
O-O 9. O-O Re8 10. d5 Na5 11. Nd4 Bd7 12. e4 Rc8 13. Bf4 $6 {He has repeated
one of my previous games. But this move is weaker than} (13. Re1) ({or} 13. Rb1
) 13... c5 $1 {Much better than} (13... c6 14. Rc1 cxd5 15. exd5 Nac4 16. b3
Nd6 17. Qd2 Na8 $6 18. Rfe1 Qb6 19. Nf3 Qb4 20. Ne4 Qa3 21. Rxc8 Rxc8 22. Bxd6
exd6 23. Qf4 {and White won the pawn and eventually the game 
(Harikrishna-Zakhartsov, Cappelle la Grande 2012).}) 14. Nf3 e5 15. Bg5 f6 16.
Bc1 Nbc4 17. b3 Nd6 18. Be3 {A new move.} (18. Bd2 b5 19. a3 c4 20. b4 Nb3 {
Niklasch-Nedev, Izmir 2004}) (18. a4 c4 19. b4 (19. Ba3 {
(Borovikov-Areshchenko, Ukraine 2005)} cxb3 20. Bxd6 Rxc3 21. Bb4 Rc4 22. Bxa5
Qxa5 23. Qxb3 Rb4 {winning a pawn}) 19... Nb3 20. Ra2 f5 {with an initiative
for Black in both cases.}) 18... b5 19. Ne1 b4 20. Ne2 Nab7 {A bit passive.} (
20... c4 $5 21. Nc2 (21. Bxa7 Bh6 22. f3 f5 23. Kh1 Rf8 {with a strong
initiative for the pawn}) 21... Bf8 (21... cxb3 22. axb3 Nxb3 23. Rxa7) 22.
Nxb4 Nxe4 {led to a position with slightly better chances for Black.}) 21. a3
a5 22. axb4 cxb4 23. Nd3 Bb5 24. Qd2 f5 25. f3 Qd7 26. Rfd1 Ba6 $6 {Vacating
the b5-square for the queen, but after White's reply this makes no sense.} (
26... Bxd3 {was better:} 27. Qxd3 Nc5 28. Qb1 (28. Bxc5 Rxc5) 28... Qb5 29. Nc1
fxe4 30. fxe4 Rf8 {with slightly better chances for Black.}) 27. Nec1 Bb5 28.
Bb6 (28. Ne2) 28... Rc3 {Of course, Black should not to cling on to the
a5-pawn.} 29. Bxa5 Nxa5 30. Rxa5 Qc7 31. Ra1 Rc8 $6 {Not the best move.} (31...
Qb6+ 32. Kh1 (32. Qf2 Qxf2+ 33. Kxf2 Bh6 34. Nxb4 Be3+ 35. Ke1 fxe4 36. fxe4
Rf8 {with a strong attack}) 32... fxe4 33. fxe4 Qd4) 32. Ne1 $6 (32. Kh1 {
was much better.}) 32... Qc5+ 33. Qf2 (33. Kh1 fxe4 34. fxe4 Rf8 35. Ned3 Qd4 {
and Black has the initiative.}) 33... Qxf2+ 34. Kxf2 Bh6 {Regaining a pawn,
with a big advantage.} 35. Ncd3 Rxb3 36. Rab1 (36. Nxe5 $4 Be3#) 36... Rxb1 37.
Rxb1 Rc3 38. Bf1 fxe4 39. Nxe5 Bxf1 (39... e3+ 40. Kg1 e2 41. Bh3 Rc1 {won
easily.}) 40. Kxf1 b3 41. Ng4 Bd2 (41... Bg7 42. Nf2 exf3 43. Nd1 Ne4 $1 44.
Nxc3 Nd2+ 45. Kg1 Bd4+ 46. Kh1 f2) 42. Ke2 (42. Nf6+ Kf7 43. Nxe4 Nxe4 44. fxe4
Rc1 45. Rxc1 Bxc1 46. Nd3 b2) 42... Bxe1 43. fxe4 (43. Nf6+ {would be more
resilient:} Kf7 44. Nxe4 Nxe4 45. fxe4 {, although Black should win by} Bxg3 (
45... Rc2+ 46. Kd3 {!} (46. Kxe1 b2 47. Kd1 Rxh2 $19) 46... Ba5 47. Rxb3 Rxh2
48. e5) 46. hxg3 Rxg3 47. e5 b2 48. Kd2 Rb3 49. Kc2 Rb5 50. Rf1+ Ke7 51. d6+
Ke6 52. Kb1 Rxe5) 43... Bxg3 44. hxg3 Nxe4 45. d6 Nxd6 46. Nf6+ Kg7 47. Nd5
Rxg3 48. Ne3 Nf5 0-1

[Event "Dieren op"]
[Site "Dieren"]
[Date "2013.07.25"]
[Round "3"]
[White "L'Ami, Erwin"]
[Black "Zakhartsov, Viacheslav V"]
[Result "1/2-1/2"]
[WhiteElo "2640"]
[BlackElo "2560"]
[Annotator "Zakhartsov,Vi"]
[PlyCount "159"]
[EventDate "2013.07.23"]
[EventType "swiss"]
[EventRounds "9"]
[EventCountry "NED"]
[SourceTitle "CBM 156"]
[Source "ChessBase"]
[SourceDate "2013.09.17"]
[SourceVersion "1"]
[SourceVersionDate "2013.09.17"]
[SourceQuality "1"]

1. d4 Nf6 2. c4 g6 3. Nf3 Bg7 4. g3 d5 5. cxd5 Nxd5 6. Bg2 Nb6 7. Nc3 Nc6 8. e3
O-O 9. O-O Re8 10. a3 $5 {This try has become popular this year as well as} (
10. h3) 10... e5 (10... a5 11. d5 Ne5 12. Nxe5 Bxe5 13. Qc2 Bd7 14. Rd1 Qc8 15.
f4 Bg7 16. e4 $14 {Shimanov-Vl. Zakhartsov, Pardubice (rapid) 2013}) 11. d5 Na5
12. Qc2 c6 (12... Nxd5 $4 13. Rd1 c6 14. e4) 13. b4 Nac4 14. dxc6 bxc6 15. Ne4
a5 (15... Be6 16. Nfd2 Bd5 17. Rd1 Qe7 18. Nxc4 Nxc4 19. b5 Rac8 20. bxc6 Nb6
21. Rxd5 {!} Nxd5 22. Bd2 Qc7 23. Rc1 {Gajewski-Grandelius (Reykjavik 2013)
with more than enough compensation for the exchange}) 16. Rd1 Qe7 $2 {
Carelessly leaving the c6-pawn without protection.} (16... Qc7) 17. Nfd2 Bg4
18. Re1 Be6 19. Bf1 Nd6 (19... Nxd2 20. Bxd2 axb4 21. Qxc6 Nd5 22. axb4 $16 {
and White is a pawn up.}) 20. Nxd6 (20. Qxc6 $6 {allowed Black to equalise by}
Nxe4 21. Nxe4 Bd5 22. Qxb6 Bxe4 23. Bd2 Red8 24. Bc3 Rdb8 25. Qc5 Qxc5 26. bxc5
Rc8 {; but}) (20. bxa5 Rxa5 21. Qxc6 Nxe4 22. Nxe4 {won a pawn.}) 20... Qxd6
21. Ne4 Qc7 22. Bd2 axb4 23. axb4 (23. Bxb4 {would also have kept a minimal
advantage:} Bf5 24. Bg2 Nd5 25. Bc5 Red8) 23... Bd5 24. Ra5 Rad8 25. Nc5 e4 26.
Bc3 Bxc3 27. Qxc3 Qe5 (27... Nd7 28. Nxd7 Rxd7 $14) 28. Qxe5 Rxe5 29. Rc1 Re7 {
Although White retains some pressure, finally I have managed to hold.} 30. Rd1
Nd7 31. Na4 Rb8 32. Nc3 Be6 33. Rd4 f5 34. Kg2 Kf7 35. h3 Nf6 36. Rc5 Rd7 37.
Ne2 Rxd4 38. Nxd4 Rxb4 39. Rxc6 Bd7 40. Rc7 Ke8 41. Bc4 Kd8 42. Rc5 Ke7 43. Bb3
Rb7 44. Ra5 Rc7 45. Ra6 Rb7 46. Ba2 Rc7 47. Rb6 Ra7 48. Be6 Rc7 49. Bb3 Ne8 50.
Ne2 Rc6 51. Rb7 Rc7 52. Rb6 Rc6 53. Rb4 Rc7 54. g4 Nd6 55. gxf5 Bxf5 56. Ra4
Bd7 57. Ra5 Kf6 58. Ra6 Ke5 59. Nd4 Nf5 60. Nxf5 Bxf5 61. Bd1 Rd7 62. Bg4 Bxg4
63. hxg4 Rf7 64. Ra8 Kd5 65. Re8 Rf6 66. Rh8 Rf7 67. Ra8 Ke5 68. Ra5+ Ke6 69.
Ra8 Ke5 70. Re8+ Kd5 71. Kf1 Rf6 72. g5 Rf7 73. Ke1 Ra7 74. Kf1 Rf7 75. Kg1 Ra7
76. Rf8 Re7 77. Rh8 Ke5 78. Rf8 Kd5 79. Rh8 Ke5 80. Rf8 1/2-1/2